Taylor Swift - Come Back... Be Here Lyrics - Statistics

General Stats
  • This quiz has been taken 214 times
  • The average score is 287 of 324
Answer Stats
Answer % Correct
a
100%
back
100%
be
100%
Come
100%
here
100%
I
100%
in
100%
In
100%
You
100%
you
100%
And
99%
and
99%
the
99%
The
99%
your
99%
is
98%
this
98%
This
98%
when
98%
you're
98%
don't
97%
"Don't
97%
feeling
97%
like
97%
to
97%
New
96%
York
96%
miss
95%
wanna
95%
But
94%
but
94%
it
93%
sinks
93%
London
92%
that
92%
That
92%
way
91%
not
90%
today
88%
it's
87%
around
86%
'Cause
86%
day
85%
down
85%
break
83%
know
83%
Oh
83%
oh
83%
said
83%
all
82%
fair
82%
guess
82%
need
82%
so
82%
my
80%
at
79%
love
79%
me
79%
then
79%
can
78%
are
77%
fall
76%
now
76%
for
75%
How
74%
just
74%
was
74%
AM
72%
falling
72%
4
71%
mind
71%
never
71%
simple
71%
about
69%
away
69%
took
69%
what
69%
cruelest
67%
play
67%
had
66%
If
66%
much
66%
with
66%
would've
65%
get
64%
One
63%
plane
63%
second
63%
worlds
63%
known
62%
strange
62%
can't
61%
last
61%
than
61%
Right
60%
kiss
59%
put
59%
wish
59%
anything
58%
bring
58%
faster
58%
myself
58%
told
58%
goodbye
57%
catch
56%
Without
56%
knowing
55%
flight
54%
long
53%
Spinning
53%
attached"
52%
played
52%
nonchalant
51%
help
50%
Taxi
49%
busy
48%
streets
48%
cabs
47%
through
45%
beginning
44%
delicate
42%
rush
42%
Stumbled
37%
No matching quizzes found
Score Distribution
Percent of People with Each Score
Percentile by Number Answered
Your Score History
You have not taken this quiz